[Event "Hessen-chB"]
[White "Ahrends, Norbert"]
[Black "Schneider, Lutz Peter"]
[Site "Frankfurt"]
[Round "1"]
[Result "1-0"]
[Date "2018.05.10"]
[WhiteElo "1999"]
[BlackElo "1722"]
[PlyCount "93"]
[EventDate "2018.05.10"]
[EventType "swiss"]
[EventRounds "7"]
[EventCountry "GER"]
[SourceTitle "EXT 2019"]
[Source "ChessBase"]
[SourceDate "2018.10.10"]
[SourceVersion "1"]
[SourceVersionDate "2018.10.10"]
[SourceQuality "1"]

1. d4 Nf6 2. c4 e6 3. Nc3 d5 4. Nf3 c6 5. Bg5 Be7 6. e3 Nbd7 7. Be2 b6 8. 0-0 0-0 9. Qa4 Bb7 10. b4 dxc4 11. b5 cxb5 12. Qxb5 a5 13. Qxc4 Rc8 14. Qb3 Nd5 15. Ne4 Bxg5 16. Nfxg5 h6 17. Nf3 Qe7 18. Rac1 Rxc1 19. Rxc1 Rc8 20. Rxc8+ Bxc8 21. a3 Bb7 22. Ned2 Qd8 23. h3 Qc7 24. Bc4 N5f6 25. Nb1 Bc6 26. Nfd2 Qb7 27. f3 Bd5 28. Nc3 Qc6 29. e4 Bxc4 30. Qxc4 Qb7 31. Kf2 Qb8 32. a4 Qf4 33. Nf1 g5 34. g3 Qc1 35. Qb3 g4 36. hxg4 Kg7 37. Ne2 Qa1 38. Qb5 Qa2 39. Ne3 Nf8 40. d5 exd5 41. exd5 N6d7 42. Nf5+ Kh7 43. Qc6 Qd2 44. f4 f6 45. Qd6 Qb4 46. Qc6 Qc5+ 47. Nfd4 1-0

[Event "Wiesbaden op 29th"]
[White "Schneider, Lutz Peter"]
[Black "Roth, Michael"]
[Site "Wiesbaden"]
[Round "6"]
[Result "1-0"]
[Date "2017.08.27"]
[WhiteElo "1737"]
[BlackElo "1532"]
[PlyCount "33"]
[EventDate "2017.08.24"]
[EventType "swiss"]
[EventRounds "7"]
[EventCountry "GER"]
[SourceTitle "CBM 180 Extra"]
[Source "ChessBase"]
[SourceDate "2017.10.06"]
[SourceVersion "1"]
[SourceVersionDate "2017.10.06"]
[SourceQuality "1"]

1. e4 e5 2. Nc3 Bc5 3. Bc4 c6 4. Nge2 f5 5. Bxg8 Rxg8 6. exf5 d5 7. Ng3 Qf6 8. Na4 Bd6 9. Qh5+ Kd8 10. d3 h6 11. Bd2 Bd7 12. 0-0-0 c5 13. Nc3 Bc6 14. Rhe1 Nd7 15. Qg4 Kc7 16. Nh5 Qf7 17. Qh3 1-0

[Event "Wiesbaden op 29th"]
[White "Arns, Alexander"]
[Black "Schneider, Lutz Peter"]
[Site "Wiesbaden"]
[Round "3"]
[Result "1-0"]
[Date "2017.08.25"]
[WhiteElo "1891"]
[BlackElo "1737"]
[PlyCount "67"]
[EventDate "2017.08.24"]
[EventType "swiss"]
[EventRounds "7"]
[EventCountry "GER"]
[SourceTitle "CBM 180 Extra"]
[Source "ChessBase"]
[SourceDate "2017.10.06"]
[SourceVersion "1"]
[SourceVersionDate "2017.10.06"]
[SourceQuality "1"]

1. c4 e5 2. g3 c6 3. Bg2 d5 4. cxd5 cxd5 5. d3 Bc5 6. Nf3 Nc6 7. 0-0 Nge7 8. a3 a5 9. Nxe5 Bxf2+ 10. Rxf2 Nxe5 11. h3 0-0 12. Nc3 N5g6 13. Qb3 Qc7 14. Bf4 Qc5 15. Na4 Qa7 16. Nb6 Nxf4 17. gxf4 Rb8 18. Nxd5 Nf5 19. Qb6 Qxb6 20. Nxb6 Rd8 21. Rc1 Be6 22. e4 Ne3 23. Rd2 Rd6 24. Na4 Rbd8 25. f5 Bb3 26. Nc5 Bc4 27. Nxb7 Rxd3 28. Rxd3 Rxd3 29. Bf1 Rd4 30. Nxa5 Nxf1 31. Rxc4 Rxc4 32. Nxc4 Ng3 33. Nd6 Kf8 34. Kf2 1-0

[Event "Wiesbaden op 29th"]
[White "Koellner, Christof"]
[Black "Schneider, Lutz Peter"]
[Site "Wiesbaden"]
[Round "1"]
[Result "1-0"]
[Date "2017.08.24"]
[WhiteElo "2105"]
[BlackElo "1737"]
[PlyCount "66"]
[EventDate "2017.08.24"]
[EventType "swiss"]
[EventRounds "7"]
[EventCountry "GER"]
[SourceTitle "CBM 180 Extra"]
[Source "ChessBase"]
[SourceDate "2017.10.06"]
[SourceVersion "1"]
[SourceVersionDate "2017.10.06"]
[SourceQuality "1"]

1. d4 Nf6 2. Bg5 e6 3. Nd2 Be7 4. e4 d5 5. e5 Nfd7 6. Bxe7 Qxe7 7. c3 c5 8. Ngf3 Nc6 9. Bd3 f5 10. h4 b6 11. a3 0-0 12. b4 cxd4 13. cxd4 Bb7 14. Nb3 Rac8 15. b5 Ncb8 16. Qd2 Rc7 17. 0-0 Rfc8 18. Nc1 Rc3 19. Qb2 Nf8 20. Rd1 R3c7 21. Ne2 Nbd7 22. Qb4 Qxb4 23. axb4 Ba8 24. Ra2 Rb8 25. Rda1 Rbb7 26. Nf4 h6 27. Bxf5 exf5 28. Nxd5 Rc4 29. Ne7+ Kf7 30. Nc6 Rc7 31. d5 Ke8 32. Rxa7 Rxa7 33. Rxa7 Bxc6 1-0

[Event "Rheinland Pfalz op 8th"]
[White "Werner, Dimo"]
[Black "Schneider, Lutz Peter"]
[Site "Reil an der Mosel"]
[Round "6"]
[Result "1/2-1/2"]
[Date "2016.05.28"]
[WhiteElo "2052"]
[BlackElo "1755"]
[PlyCount "38"]
[EventDate "2016.05.26"]
[EventType "swiss"]
[EventRounds "7"]
[EventCountry "GER"]
[SourceTitle "EXT 2018"]
[Source "ChessBase"]
[SourceDate "2017.10.13"]
[SourceVersion "1"]
[SourceVersionDate "2017.10.13"]
[SourceQuality "1"]

1. d4 Nf6 2. Nf3 e6 3. c4 d5 4. Nc3 c6 5. Bg5 Bb4 6. Bxf6 Qxf6 7. e3 Nd7 8. Rc1 0-0 9. a3 Bd6 10. Be2 dxc4 11. Bxc4 e5 12. Ne4 Qe7 13. Nxd6 Qxd6 14. dxe5 Qxd1+ 15. Rxd1 Nb6 16. Bb3 Bg4 17. h3 Bxf3 18. gxf3 c5 19. Ke2 Rac8 1/2-1/2

[Event "Rheinland Pfalz op 8th"]
[White "Schneider, Lutz Peter"]
[Black "Weidauer, Sigurd"]
[Site "Reil an der Mosel"]
[Round "3"]
[Result "0-1"]
[Date "2016.05.27"]
[WhiteElo "1755"]
[BlackElo "2017"]
[PlyCount "59"]
[EventDate "2016.05.26"]
[EventType "swiss"]
[EventRounds "7"]
[EventCountry "GER"]
[SourceTitle "EXT 2018"]
[Source "ChessBase"]
[SourceDate "2017.10.13"]
[SourceVersion "1"]
[SourceVersionDate "2017.10.13"]
[SourceQuality "1"]

1. e4 c5 2. Nf3 g6 3. c3 Bg7 4. d4 b6 5. Bf4 Bb7 6. Bd3 cxd4 7. cxd4 Nc6 8. Bc2 Nb4 9. Nc3 Nxc2+ 10. Qxc2 Rc8 11. Qd3 Nf6 12. 0-0 0-0 13. Rac1 d6 14. Rfd1 Nh5 15. Be3 f5 16. Ng5 fxe4 17. Ncxe4 Bd5 18. Nc3 Bc4 19. Qe4 Nf6 20. Qb1 Qd7 21. d5 Rfe8 22. Ne6 Nxd5 23. Nxd5 Qxe6 24. Nf4 Qf5 25. b3 Qxb1 26. Rxb1 Bf7 27. h3 Rc2 28. Rd2 Rec8 29. a4 Rc1+ 30. Rxc1 0-1

[Event "Rheinland Pfalz op 8th"]
[White "Schneider, Lutz Peter"]
[Black "Wecker, Martin"]
[Site "Reil an der Mosel"]
[Round "1"]
[Result "0-1"]
[Date "2016.05.26"]
[WhiteElo "1755"]
[BlackElo "2144"]
[PlyCount "64"]
[EventDate "2016.05.26"]
[EventType "swiss"]
[EventRounds "7"]
[EventCountry "GER"]
[SourceTitle "EXT 2018"]
[Source "ChessBase"]
[SourceDate "2017.10.13"]
[SourceVersion "1"]
[SourceVersionDate "2017.10.13"]
[SourceQuality "1"]

1. e4 c5 2. Nf3 e6 3. c3 d5 4. exd5 Qxd5 5. d4 Nf6 6. Be2 Nc6 7. 0-0 Be7 8. dxc5 Qxd1 9. Bxd1 Bxc5 10. Bg5 h6 11. Bxf6 gxf6 12. Nbd2 Bd7 13. b4 Bb6 14. Bb3 Rg8 15. Rad1 Ne5 16. Ne1 Bc6 17. a4 Nd3 18. b5 Bxg2 19. Nxg2 Nf4 20. Ne4 Ke7 21. Ng3 Nh3+ 22. Kh1 Nxf2+ 23. Rxf2 Bxf2 24. Ne4 Bb6 25. c4 f5 26. Nc3 Rad8 27. Rxd8 Rxd8 28. Nf4 Rd2 29. Nfe2 Ba5 30. c5 Bxc3 31. Nxc3 Rd3 32. c6 bxc6 0-1

[Event "Wiesbaden op 26th"]
[White "Schneider, Lutz Peter"]
[Black "Hain, Guenter"]
[Site "Wiesbaden"]
[Round "4"]
[Result "0-1"]
[Date "2014.08.30"]
[WhiteElo "1748"]
[BlackElo "2047"]
[PlyCount "64"]
[EventDate "2014.08.28"]
[EventType "swiss"]
[EventRounds "7"]
[EventCountry "GER"]
[SourceTitle "CBM 162 Extra"]
[Source "ChessBase"]
[SourceDate "2014.10.17"]
[SourceVersion "1"]
[SourceVersionDate "2014.10.17"]
[SourceQuality "1"]

1. e4 d5 2. exd5 Nf6 3. d6 cxd6 4. d4 d5 5. Bd3 Nc6 6. c3 Bg4 7. f3 Bh5 8. Nh3 e6 9. Bg5 Bg6 10. Nf4 Bxd3 11. Nxd3 Be7 12. 0-0 0-0 13. Qe2 Rc8 14. Nd2 Re8 15. Rac1 Nd7 16. Bf4 b5 17. b3 b4 18. Qf2 bxc3 19. Rxc3 Bf6 20. Be3 Ne7 21. Rfc1 Rxc3 22. Rxc3 Qa5 23. Rc2 Rc8 24. Nc5 Nxc5 25. dxc5 Nc6 26. Nf1 d4 27. Bd2 Qa6 28. Bc1 Nb4 29. Rc4 Nd3 30. Qc2 Nxc1 31. Qxc1 Qxa2 32. Nd2 Bg5 0-1

[Event "Wiesbaden op 26th"]
[White "Seifert, Norbert"]
[Black "Schneider, Lutz Peter"]
[Site "Wiesbaden"]
[Round "3"]
[Result "0-1"]
[Date "2014.08.29"]
[WhiteElo "2000"]
[BlackElo "1748"]
[PlyCount "66"]
[EventDate "2014.08.28"]
[EventType "swiss"]
[EventRounds "7"]
[EventCountry "GER"]
[SourceTitle "CBM 162 Extra"]
[Source "ChessBase"]
[SourceDate "2014.10.17"]
[SourceVersion "1"]
[SourceVersionDate "2014.10.17"]
[SourceQuality "1"]

1. d4 Nf6 2. Nf3 e6 3. e3 Be7 4. Bd3 d5 5. Nbd2 Nbd7 6. 0-0 c5 7. c3 Qc7 8. Re1 0-0 9. e4 dxe4 10. Nxe4 Rd8 11. Qc2 c4 12. Bf1 b6 13. Bg5 Bb7 14. Ned2 Bd5 15. Ne5 b5 16. Ndf3 Qb7 17. Nxd7 Qxd7 18. Ne5 Qb7 19. Bh4 Rac8 20. f4 Nh5 21. Bxe7 Qxe7 22. f5 Qg5 23. fxe6 fxe6 24. a4 Rf8 25. axb5 Nf4 26. Re3 Nh5 27. Rae1 Rf4 28. Qd2 Rcf8 29. R3e2 Qf5 30. Qd1 Rf2 31. Nd7 Rf7 32. Re5 Rxg2+ 33. Kh1 Ng3+ 0-1

[Event "Wiesbaden op 25th"]
[White "Schneider, Lutz Peter"]
[Black "Lorenz, Hermann"]
[Site "Wiesbaden"]
[Round "7"]
[Result "1-0"]
[Date "2013.08.25"]
[WhiteElo "1766"]
[BlackElo "1676"]
[PlyCount "119"]
[EventDate "2013.08.22"]
[EventType "swiss"]
[EventRounds "7"]
[EventCountry "GER"]
[SourceTitle "CBM 156 Extra"]
[Source "ChessBase"]
[SourceDate "2013.10.22"]
[SourceVersion "1"]
[SourceVersionDate "2013.10.22"]
[SourceQuality "1"]

1. e4 d6 2. d4 Nf6 3. Nc3 g6 4. Nf3 Bg7 5. Bf4 0-0 6. Qd2 Re8 7. Be2 c6 8. Bh6 Bh8 9. Ng5 Nbd7 10. h4 e5 11. d5 cxd5 12. Nxd5 Nc5 13. Nxf6+ Bxf6 14. Qe3 Ne6 15. 0-0-0 Qc7 16. h5 Nd4 17. Bd3 Be6 18. Nxe6 Rxe6 19. c3 Rc8 20. Kb1 Nc6 21. Bc4 Nd8 22. Bxe6 Nxe6 23. hxg6 fxg6 24. Rh3 Qe7 25. f4 exf4 26. Bxf4 Nxf4 27. Qxf4 Bg5 28. Qg4 Rf8 29. Rf3 Bf6 30. Rdf1 Kg7 31. Rh3 h6 32. Qe2 Qe5 33. Rd3 Re8 34. Qf3 Qe6 35. Ka1 b5 36. Rfd1 Be5 37. Rd5 a6 38. Qe3 b4 39. cxb4 Qf6 40. Qe2 Rb8 41. Qc2 Rxb4 42. Rb1 Rb7 43. Rd2 Kh7 44. Rf2 Qg7 45. Rf3 a5 46. Rb3 Rc7 47. Qd3 a4 48. Rb4 Qf6 49. Rb8 Ra7 50. a3 Qg7 51. Qd5 g5 52. Rf1 Rc7 53. Qe6 h5 54. Rf5 Bxb2+ 55. Rxb2 Rc1+ 56. Ka2 Rc7 57. Qe8 Kh6 58. Rf8 Qd4 59. Rh8+ Rh7 60. Qf8+ 1-0

[Event "Rheinland Pfalz op 5th"]
[White "Weber, Frank"]
[Black "Schneider, Lutz Peter"]
[Site "Worms"]
[Round "2"]
[Result "1-0"]
[Date "2013.05.30"]
[WhiteElo "1393"]
[BlackElo "1759"]
[PlyCount "97"]
[EventDate "2013.05.30"]
[EventType "swiss"]
[EventRounds "7"]
[EventCountry "GER"]
[SourceTitle "EXT 2014"]
[Source "ChessBase"]
[SourceDate "2013.11.20"]
[SourceVersion "1"]
[SourceVersionDate "2013.11.20"]
[SourceQuality "1"]

1. e4 c6 2. d4 d5 3. e5 Bf5 4. Nf3 e6 5. a3 Nd7 6. Be2 Rc8 7. 0-0 c5 8. c3 Be7 9. Be3 Qb6 10. Qd2 cxd4 11. cxd4 Rc2 12. Qd1 Rxb2 13. Nc3 Qb3 14. Qxb3 Rxb3 15. Nb5 a6 16. Nc7+ Kd8 17. Rfc1 Rxa3 18. Rxa3 Bxa3 19. Bg5+ f6 20. Rc3 fxg5 21. Nxg5 Nh6 22. Ngxe6+ Bxe6 23. Nxe6+ Ke7 24. Nxg7 Kf7 25. e6+ Kxg7 26. exd7 Rd8 27. Rc7 Bb2 28. Rxb7 Bxd4 29. Bxa6 Ng8 30. Bb5 Nf6 31. Rc7 Bb6 32. Rb7 Bc5 33. Rc7 Be7 34. f3 Kf7 35. Kf2 Ke6 36. Rc1 Nxd7 37. Re1+ Kd6 38. Rd1 Kc5 39. Bd3 h6 40. g3 Ne5 41. Be2 d4 42. h3 Kb4 43. f4 Nc6 44. Kf3 Kc5 45. Ke4 Rd6 46. Rc1+ Kb6 47. f5 Bg5 48. Rb1+ Kc5 49. Rb5# 1-0

[Event "Rheinhessen-ch HTA"]
[White "Schneider, Lutz Peter"]
[Black "Marbe, Andre"]
[Site "Gau Algesheim"]
[Round "5"]
[Result "0-1"]
[Date "2010.04.02"]
[WhiteElo "1675"]
[BlackElo "1607"]
[PlyCount "87"]
[EventDate "2010.03.27"]
[EventType "swiss"]
[EventRounds "7"]
[EventCountry "GER"]
[SourceTitle "EXT 2012"]
[Source "ChessBase"]
[SourceDate "2011.11.24"]
[SourceVersion "1"]
[SourceVersionDate "2011.11.24"]
[SourceQuality "1"]

1. e4 c5 2. Nf3 d6 3. d4 cxd4 4. Nxd4 Nf6 5. Nc3 a6 6. Be2 e6 7. Be3 Be7 8. 0-0 Qc7 9. f4 b5 10. a3 Bb7 11. Bf3 Nbd7 12. Qe1 0-0 13. Qf2 Rfc8 14. Nde2 Nc5 15. Ng3 Rab8 16. Rac1 Ba8 17. b4 Ncd7 18. Nce2 Nb6 19. Rcd1 Nc4 20. Ba7 Rb7 21. Bd4 e5 22. Ba1 Nxa3 23. Nf5 Bf8 24. Kh1 Rbb8 25. Neg3 g6 26. Nh4 Qe7 27. Rxd6 Qxd6 28. fxe5 Qe6 29. exf6 Nxc2 30. Ngf5 Nxa1 31. Rxa1 Qxf6 32. e5 Qxe5 33. Re1 Qc3 34. Qg3 Bxf3 35. gxf3 Re8 36. Rg1 Qxb4 37. Qg5 Re1 38. Rxe1 Qxe1+ 39. Kg2 Re8 40. Ng3 Qe3 41. Qg4 Qd2+ 42. Kh3 Qc3 43. Ne4 Rxe4 44. Qxe4 0-1

[Event "Rheinhessen-ch HTA"]
[White "Schneider, Lutz Peter"]
[Black "Stassen, Arno"]
[Site "Gau Algesheim"]
[Round "1"]
[Result "0-1"]
[Date "2010.03.27"]
[WhiteElo "1675"]
[BlackElo "1995"]
[PlyCount "79"]
[EventDate "2010.03.27"]
[EventType "swiss"]
[EventRounds "7"]
[EventCountry "GER"]
[SourceTitle "EXT 2012"]
[Source "ChessBase"]
[SourceDate "2011.11.24"]
[SourceVersion "1"]
[SourceVersionDate "2011.11.24"]
[SourceQuality "1"]

1. e4 e6 2. d4 Nf6 3. Nc3 Bb4 4. Bd3 c5 5. a3 cxd4 6. axb4 dxc3 7. bxc3 Qc7 8. Ne2 d6 9. Bf4 0-0 10. 0-0 Nbd7 11. Qd2 Rd8 12. Rfd1 Ne5 13. Bg5 Qe7 14. Ng3 h6 15. Be3 Nxd3 16. cxd3 d5 17. Bc5 Qc7 18. Qe3 Ng4 19. Qe2 e5 20. h3 Nf6 21. Qe3 Be6 22. Qe1 b6 23. Be3 dxe4 24. dxe4 Rxd1 25. Rxd1 a5 26. Ra1 a4 27. f3 a3 28. Qc1 a2 29. Nf5 Bxf5 30. exf5 b5 31. Bxh6 gxh6 32. Qxh6 Qb6+ 33. Kh1 Rd8 34. Qg5+ Kf8 35. Qh6+ Ke7 36. Re1 Rd5 37. f4 Qf2 38. Ra1 Qb2 39. fxe5 Qxa1+ 40. Kh2 0-1

[Event "Rheinhessen-ch HT1"]
[White "Schneider, Lutz Peter"]
[Black "Wagner, Stefan"]
[Site "Mainz"]
[Round "7"]
[Result "1-0"]
[Date "2009.04.11"]
[WhiteElo "1653"]
[BlackElo "1607"]
[PlyCount "45"]
[EventDate "2009.04.04"]
[EventType "swiss"]
[EventRounds "7"]
[EventCountry "GER"]
[SourceTitle "EXT 2011"]
[Source "ChessBase"]
[SourceDate "2010.11.26"]
[SourceVersion "1"]
[SourceVersionDate "2010.11.26"]
[SourceQuality "1"]

1. e4 c5 2. Nf3 d6 3. d4 cxd4 4. Nxd4 Nf6 5. Nc3 a6 6. Be2 e6 7. Be3 Be7 8. 0-0 Qc7 9. f4 0-0 10. Bf3 Nc6 11. Qe1 Rd8 12. Qf2 Rb8 13. Rac1 Na5 14. Nxe6 Bxe6 15. Bb6 Qc8 16. Bxa5 Rf8 17. Bb6 Nd7 18. Bd4 Nf6 19. Qg3 Ne8 20. f5 Bd7 21. Nd5 Bd8 22. f6 g6 23. Ne7+ 1-0